Un animal valide par famille de mammifères - Statistiques

Statistiques générales
  • Ce quiz a été pris 582 fois
  • Le résultat moyen est 62 sur 156
Statistiques - réponses
Famille Animaux % Correct
Canidés Chacal | Chien | Coyote | Dingo | Fennec | Loup | Lycaon | Renard | Tanuki
97%
Félidés Chat | Guépard | Jaguar | Léopard | Lion | Lynx | Ocelot | Panthère | Puma | Tigre
97%
Monodontidés Béluga | Narval
93%
Bovidés Antilope | Bison | Bœuf | Bouquetin | Buffle | Chamois | Chèvre | Gazelle | Gnou | Mouton
91%
Balénopteridés Baleine | Rorqual
90%
Équidés Âne | Cheval | Zèbre
89%
Balénidés | Cétothéridés | Eschrichtidés | Ziphiidés Baleine
89%
Éléphantidés Éléphant
84%
Cervidés Cerf | Chevreuil | Daim | Élan | Renne | Wapiti
82%
Giraffidés Girafe | Okapi
82%
Hippopotamidés Hippopotame
82%
Hominidés Bonobo | Chimpanzé | Gorille | Humain | Orang-outan
80%
Cricétidés Campagnol | Hamster | Lemming | Rat | Rat musqué | Souris
79%
Delphinidés Dauphin | Globicéphale | Orque
79%
Muridés Gerbille | Mulot | Rat | Souris | Surmulot
78%
Ursidés Ours | Panda
78%
Nésomyidés Rat
78%
Hétéromidés Souris
78%
Inidés | Lipotidés | Platanistidés | Pontoporidés Dauphin
76%
Lémuridés Lémur
76%
Cercopithécidés Babouin | Macaque | Mandrill | Nasique
75%
Castoridés Castor
75%
Cheirogaleidés Lémur
75%
Rhinocérotidés Rhinocéros
75%
Tarsipédidés Souris
74%
Thryonomyidés Aulacode
73%
Camélidés Alpaga | Chameau | Dromadaire | Lama | Vigogne
72%
Hyénidés Hyène
70%
Ornithorhynchidés Ornithorynque
69%
Cavidés Capybara | Cobaye | Cochon d'Inde
68%
Macroscélididés Macroscélide
68%
Octodontidés Octodon
68%
Suidés Babiroussa | Cochon | Phacochère | Sanglier
67%
Chinchillidés Chinchilla | Viscache
67%
Géomydés Gaufre
67%
Capromyidés Hutia
67%
Pétromuridés | Échymyidés Rat
67%
Spalacidés Rat | Rat-taupe
67%
Cténomyidés Tuco-tuco
67%
Antilocapridés Antilocapre
64%
Cébidés Capucin
63%
Atélidés Atèle
62%
Otariidés Lion de mer | Otarie
62%
Mustélidés Belette | Blaireau | Fouine | Furet | Glouton | Hermine | Loutre | Martre | Putois | Zibeline
61%
Molossidés Chauve-souris
60%
Macropodidés Kangourou | Wallaby
60%
Léporidés Lapin | Lièvre
60%
Craséonyctéridés | Mégadermatidés | Noctilionidés Chauve-souris
56%
Vespertilionidés Chauve-souris | Murin | Noctule | Oreillard | Pipistrelle | Vespertilion
56%
Rhinolophidés Chauve-souris | Rhinolophe
56%
Phyllostomidés Chauve-souris | Vampire
56%
Ptéropodidés Roussette
56%
Emballonuridés | Furiptéridés | Mystacinidés | +3 others Chauve-souris
55%
Phascolarctidés Koala
55%
Phocidés Éléphant de mer | Léopard de mer | Phoque
53%
Sciuridés Chien de prairie | Écureuil | Écureuil volant | Marmotte | Tamia
52%
Tenrecidés Hérisson
49%
Bradypodidés Paresseux
45%
Tapiridés Tapir
45%
Ailuridés Panda roux
43%
Talpidés Taupe
40%
Myrmécophagidés Fourmilier | Tamanoir
39%
Chrysochloridés Taupe
39%
Calomyscidés Hamster
37%
Érinacéidés Hérisson
36%
Vombatidés Wombat
35%
Herpestidés Mangouste | Suricate
34%
Ochotonidés Pika
33%
Mégalonychidés Paresseux
31%
Cyclopédidés Fourmilier
30%
Méphitidés Mouffette
29%
Odobénidés Morse
27%
Procyonidés Coati | Kinkajou | Raton laveur
26%
Dugongidés Dugong
26%
Soricidés Musaraigne
26%
Tarsiidés Tarsier
25%
Cténodactylidés Goundi
23%
Trichéchidés Lamantin
23%
Callitrichidés Ouistiti | Tamarin
23%
Dasyuridés Diable de Tasmanie
22%
Tachyglossidés Échidné
22%
Pithéciidés Titi
22%
Kogiidés | Physétéridés Cachalot
21%
Eupléridés Civette | Genette | Mangouste
21%
Chlamyphoridés | Dasypodidés Tatou
20%
Manidés Pangolin
19%
Hystricidés | Éréthizontidés Porc-épic
19%
Gliridés Loir | Lérot | Muscardin
16%
Lorisidés Loris
16%
Burramyidés Opossum
16%
Platacanthomyidés Loir
15%
Hylobatidés Gibbon
14%
Phocœnidés Marsouin
14%
Didelphidés Opossum | Sarigue
14%
Oryctéropodidés Oryctérope
13%
Myocastoridés Ragondin
13%
Daubentonidés Aye-aye
11%
Bathyergidés Rat-taupe
10%
Anomaluridés Écureuil volant
9%
Acrobatidés Acrobate
8%
Viverridés Civette | Genette
8%
Phalangéridés Couscous | Phalanger
6%
Dipodidés Gerboise
6%
Lépilémuridés Lépilémur
6%
Galagidés Galago
5%
Cynocéphalidés Lémur volant
5%
Pseudocheiridés | Pétauridés Phalanger
5%
Solénodontidés Solénodon
5%
Dasyproctidés Agouti
4%
Nandinidés Civette
4%
Procaviidés Daman
4%
Indridés Indri
4%
Prionodontidés Linsang
4%
Cuniculidés Paca
4%
Tayassuidés Pécari
4%
Tupaiidés Toupaye
4%
Chaeropodidés | Péramélidés Bandicoot
3%
Aplodontidés Castor de montagne
3%
Tragulidés Chevrotain
3%
Nycteridés Nyctère
3%
Moschidés Porte-musc
3%
Potoroïdés Rat-kangourou
3%
Microbiothériidés Colocolo
2%
Aotidés Douroucouli
2%
Myrmécobiidés Fourmilier marsupial
2%
Dinomyidés Pacarana
2%
Potamogalidés Potamogale
2%
Caenolestidés Rat marsupial
2%
Hipposidéridés Asellia
1%
Thylacomyidés Bilbi
1%
Hypsiprymnodontidés Kangourou-rat
1%
Pédétidés Lièvre sauteur
1%
Natalidés Natalide
1%
Mormoopidés Ptéronote
1%
Ptilocercidés Ptilocerque
1%
Abrocomidés Rat-chinchilla
1%
Notoryctidés Taupe marsupiale
1%
Aucun quiz correspondant
Distribution des résultats
% des personnes avec chaque résultat
Percentile par nombre de réponses
Votre historique - résultats
Vous n’avez pas pris ce quiz